[Event "Tournament 14459 - Europe Echecs"]
[Site "Europe Echecs"]
[Date "2020.07.07"]
[Round "2"]
[Time "14:43:03"]
[PlyCount "78"]
[White "BronnyGermain"]
[Black "SurCortierColi"]
[WhiteElo "1354"]
[BlackElo "1128"]
[Mode "WEB"]
[Result "1-0"]

1. d4 d5 2. c4 e6 3. Nc3 Nf6 4. Nf3 c5 5. dxc5 Bxc5 6. cxd5 exd5 7. Bf4 O-O 8.
e3 Bf5 9. Bd3 Ne4 10. O-O Nc6 11. Qc2 Re8 12. Rfd1 Nxc3 13. bxc3 Bxd3 14. Qxd3
Ne7 15. Qb5 Bb6 16. e4 a6 17. Qb3 Qd7 18. exd5 Ba7 19. d6 Nc8 20. Ne5 Rxe5 21.
Bxe5 Bb8 22. f3 Nxd6 23. Bxd6 Bxd6 24. Qd5 Rd8 25. Kh1 Qc6 26. Qd3 Rd7 27. Rd2
Qb5 28. Qxb5 axb5 29. Rad1 Kf8 30. Rxd6 Rc7 31. Rd7 Rxd7 32. Rxd7 b6 33. Rb7 Ke8
34. Rxb6 Kd7 35. Rxb5 Kc6 36. a4 f6 37. Rb4 g5 38. a5 f5 39. a6 {SurCortierColi a abandonné} 1-0

[Event "Tournament 14459 - Europe Echecs"]
[Site "Europe Echecs"]
[Date "2020.07.07"]
[Round "2"]
[Time "14:43:03"]
[PlyCount "141"]
[White "LimouzinSwann"]
[Black "SamouelianSola"]
[WhiteElo "1117"]
[BlackElo "1349"]
[Mode "WEB"]
[Result "0-1"]

1. e4 e5 2. Nf3 Nc6 3. Bc4 Nf6 4. Ng5 d5 5. exd5 Na5 6. Bb5+ c6 7. dxc6 bxc6 8.
Ba4 Bd7 9. Nc3 Bb4 10. a3 Bxc3 11. dxc3 h6 12. Nf3 O-O 13. O-O Bg4 14. h3 Qxd1
15. Rxd1 Bxf3 16. gxf3 Rac8 17. Kh1 e4 18. Rg1 Kh7 19. fxe4 Nxe4 20. Be3 c5 21.
Rg2 Nc4 22. Rag1 g6 23. h4 Nxb2 24. Bd7 Rc7 25. Bb5 Nxc3 26. Bd3 Nxd3 27. cxd3
Nb5 28. a4 Nc3 29. h5 g5 30. a5 Nd5 31. Bd2 c4 32. dxc4 Rxc4 33. Rg3 Rd4 34. Be3
Nxe3 35. Rxe3 Rh4+ 36. Kg2 Rxh5 37. Re7 Rh4 38. Rxa7 Rg4+ 39. Kf1 Rxg1+ 40. Kxg1
Kg6 41. Rb7 Ra8 42. Rb5 f6 43. Kg2 h5 44. Kh3 f5 45. Rb6+ Kf7 46. Rb5 Ke6 47.
Rb6+ Ke5 48. Rb5+ Kf4 49. Rb4+ Kf3 50. Rb5 Ke4 51. Rb4+ Kd3 52. Rb5 f4 53. Rxg5
Ke2 54. Kg2 f3+ 55. Kg1 h4 56. Rh5 h3 57. Rxh3 Rxa5 58. Kh2 Kxf2 59. Rg3 Rh5+
60. Rh3 Rxh3+ 61. Kxh3 Ke1 62. Kg3 f2 63. Kg2 f1=Q+ 64. Kg3 Ke2 65. Kg4 Ke3 66.
Kg5 Ke4 67. Kg6 Qf5+ 68. Kg7 Ke5 69. Kg8 Kf6 70. Kf8 Qc8# {LimouzinSwann est échec et mat} 0-1

[Event "Tournament 14459 - Europe Echecs"]
[Site "Europe Echecs"]
[Date "2020.07.07"]
[Round "2"]
[Time "14:43:03"]
[PlyCount "40"]
[White "CastagnerolCer"]
[Black "NormandPaulArt"]
[WhiteElo "1332"]
[BlackElo "1120"]
[Mode "WEB"]
[Result "1-0"]

1. d4 d5 2. c4 c6 3. Nf3 Nf6 4. g3 Bg4 5. Bg2 Nbd7 6. O-O e6 7. cxd5 cxd5 8. Nc3
Bd6 9. Re1 O-O 10. e4 Re8 11. e5 Qe7 12. exd6 Qxd6 13. b3 Qb4 14. Bb2 Rac8 15.
Qd3 Rc7 16. Rac1 Rec8 17. Rc2 Kf8 18. Rec1 Qa5 19. Rd2 Rc6 20. Ne2 {NormandPaulArt a perdu au temps} 1-0

[Event "Tournament 14459 - Europe Echecs"]
[Site "Europe Echecs"]
[Date "2020.07.07"]
[Round "2"]
[Time "14:43:03"]
[PlyCount "48"]
[White "QuenehenNassim"]
[Black "CortadellasJul"]
[WhiteElo "1322"]
[BlackElo "1114"]
[Mode "WEB"]
[Result "1-0"]

1. d4 d5 2. c4 e6 3. Nc3 Nf6 4. Bg5 Bb4 5. Qb3 Bxc3+ 6. Qxc3 h6 7. Bh4 O-O 8.
Nf3 Nc6 9. e3 Re8 10. Bd3 b6 11. cxd5 exd5 12. Qxc6 Bd7 13. Bxf6 Bxc6 14. Bxd8
Raxd8 15. Ne5 Bb7 16. O-O f6 17. Nf3 a6 18. Rac1 Rc8 19. Rc3 b5 20. Rfc1 Re7 21.
Bf5 Rd8 22. Rxc7 Rxc7 23. Rxc7 Ba8 24. Rc8 {CortadellasJul a abandonné} 1-0

[Event "Tournament 14459 - Europe Echecs"]
[Site "Europe Echecs"]
[Date "2020.07.07"]
[Round "2"]
[Time "14:43:03"]
[PlyCount "66"]
[White "NeyAlexandreYl"]
[Black "FournierLucas"]
[WhiteElo "1115"]
[BlackElo "1320"]
[Mode "WEB"]
[Result "1-0"]

1. e4 e5 2. Nf3 Nc6 3. Nc3 Nf6 4. d3 Bb4 5. Be2 d6 6. Bd2 Be6 7. a3 Ba5 8. b3 a6
9. Rb1 b5 10. b4 Rb8 11. bxa5 Nxa5 12. Nd5 Bxd5 13. exd5 O-O 14. Bxa5 Nxd5 15.
O-O Nf4 16. Bd2 Nxg2 17. Kxg2 Qf6 18. Bg5 Qf5 19. Kh1 a5 20. Rg1 b4 21. axb4
axb4 22. Bh6 Rfe8 23. Rxg7+ Kf8 24. Rg5+ Ke7 25. Rxf5 Rg8 26. Ng5 Rxg5 27. Rxg5
f6 28. Rg7+ Ke6 29. Bg4+ Kd5 30. Qf3+ Kc5 31. Rxc7+ Kb6 32. Qc6+ Ka5 33. Ra7# {FournierLucas est échec et mat} 1-0

[Event "Tournament 14459 - Europe Echecs"]
[Site "Europe Echecs"]
[Date "2020.07.07"]
[Round "2"]
[Time "14:43:03"]
[PlyCount "73"]
[White "ZylbersztejnDo"]
[Black "NouvelJehan"]
[WhiteElo "1316"]
[BlackElo "1104"]
[Mode "WEB"]
[Result "1/2-1/2"]

1. e4 e6 2. d4 d5 3. Nc3 c6 4. Nf3 Bb4 5. exd5 cxd5 6. Bd2 Nf6 7. a3 Bxc3 8.
Bxc3 Nc6 9. Bb5 O-O 10. O-O a6 11. Be2 Ne4 12. Re1 Nxc3 13. bxc3 b5 14. Rb1 Qa5
15. Rb3 Bd7 16. Bd3 h6 17. Ne5 Nxe5 18. Rxe5 Rac8 19. Qd2 Rc7 20. Bf1 Rfc8 21.
Re3 Rc4 22. Bxc4 dxc4 23. Rb1 Qxa3 24. Ree1 Qd6 25. Qe3 Bc6 26. f3 a5 27. Ra1 a4
28. Reb1 a3 29. Ra2 Rb8 30. Qe1 Bd5 31. Rb4 Qa6 32. Qc1 Ra8 33. Qb1 Bc6 34. Qc1
Bd5 35. Qb1 Bc6 36. Qc1 Bd5 {Nulle par répétition} 1/2-1/2

[Event "Tournament 14459 - Europe Echecs"]
[Site "Europe Echecs"]
[Date "2020.07.07"]
[Round "2"]
[Time "14:43:03"]
[PlyCount "90"]
[White "BourloisMael"]
[Black "ContieLilio"]
[WhiteElo "1113"]
[BlackElo "1315"]
[Mode "WEB"]
[Result "1-0"]

1. e4 d5 2. exd5 Qxd5 3. Nc3 Qa5 4. Bc4 Nf6 5. d4 Bg4 6. f3 Bf5 7. Nge2 e6 8.
O-O Nbd7 9. Bg5 Be7 10. Qe1 O-O 11. Qg3 Nh5 12. Qh4 Bxg5 13. Qxg5 Nhf6 14. Ng3
h6 15. Qf4 Bg6 16. Bd3 Bxd3 17. cxd3 e5 18. dxe5 Nxe5 19. d4 Ng6 20. Qd2 Rad8
21. f4 Qb6 22. Rad1 Rfe8 23. f5 Ne5 24. Qf4 Nc6 25. Nge2 Rd7 26. Rd2 Red8 27.
Rfd1 a5 28. Kh1 Nd5 29. Nxd5 Rxd5 30. f6 gxf6 31. Qxf6 R8d6 32. Qf4 Ne7 33. Rf1
f5 34. Rf3 Kf8 35. Rg3 Rg6 36. Rxg6 Qxg6 37. Qxc7 Qg5 38. Nf4 Rb5 39. Ne6+ Kf7
40. Nxg5+ Kf6 41. Nh7+ Kg6 42. Qxe7 Kh5 43. Rd3 Rxb2 44. Rh3+ Kg4 45. Qh4# {ContieLilio est échec et mat} 1-0

[Event "Tournament 14459 - Europe Echecs"]
[Site "Europe Echecs"]
[Date "2020.07.07"]
[Round "2"]
[Time "14:43:03"]
[PlyCount "148"]
[White "DabremontGuill"]
[Black "RollotPriscill"]
[WhiteElo "1311"]
[BlackElo "1094"]
[Mode "WEB"]
[Result "1-0"]

1. e4 e5 2. Nf3 Nc6 3. Nc3 Nf6 4. Bc4 Bc5 5. Ng5 O-O 6. O-O h6 7. Nf3 d6 8. a3
Bg4 9. h3 Bh5 10. b4 Bb6 11. b5 Nd4 12. Be2 Ba5 13. Nxd4 exd4 14. e5 dxe5 15.
Ne4 Bxe2 16. Nxf6+ Qxf6 17. Qxe2 Rfe8 18. d3 Rad8 19. Qg4 Bc3 20. Rb1 Re7 21.
Rb3 Rde8 22. Be3 dxe3 23. Rxc3 e4 24. fxe3 Qxc3 25. dxe4 Rxe4 26. Qf5 Qf6 27.
Qd7 Qe7 28. Qf5 g6 29. Qf3 Rxe3 30. Qf2 Re2 31. Qf4 Qc5+ 32. Kh1 Qf5 33. Qxf5
gxf5 34. Rxf5 Re1+ 35. Kh2 R8e5 36. Rf6 Rxb5 37. Rxh6 Rc1 38. g4 Rxc2+ 39. Kg3
Rb3+ 40. Kh4 Kg7 41. g5 Rc4+ 42. Kh5 Rc5 43. Rf6 Rxh3+ 44. Kg4 Rxa3 45. Rf4 b5
46. Kh4 b4 47. Rxb4 Kg6 48. Rf4 Rxg5 49. Rc4 Rh5+ 50. Kg4 a5 51. Rc6+ Kg7 52.
Kxh5 Rh3+ 53. Kg4 Rh6 54. Rc5 a4 55. Ra5 Rg6+ 56. Kf5 Rf6+ 57. Ke5 Re6+ 58. Kd4
Kg6 59. Rxa4 f5 60. Ra1 Re4+ 61. Kd5 f4 62. Kxe4 Kg5 63. Rf1 c5 64. Rxf4 c4 65.
Rf5+ Kg6 66. Rc5 c3 67. Rxc3 Kg7 68. Rc6 Kf7 69. Ke5 Ke7 70. Rc7+ Kf8 71. Ke6
Kg8 72. Kf6 Kh8 73. Kg6 Kg8 74. Rc8# {RollotPriscill est échec et mat} 1-0

[Event "Tournament 14459 - Europe Echecs"]
[Site "Europe Echecs"]
[Date "2020.07.07"]
[Round "2"]
[Time "14:43:03"]
[PlyCount "79"]
[White "SchluppEmma"]
[Black "AllardNedellec"]
[WhiteElo "1094"]
[BlackElo "1292"]
[Mode "WEB"]
[Result "0-1"]

1. e4 e6 2. d4 d5 3. e5 c5 4. Nf3 cxd4 5. Nxd4 Nc6 6. Nc3 Nxe5 7. Bf4 Nc6 8. Bd3
Nxd4 9. O-O Nc6 10. Qe2 Be7 11. Rad1 Nf6 12. Rfe1 O-O 13. h3 d4 14. Nb5 Nd5 15.
Qh5 g6 16. Qg4 e5 17. Bg3 Bxg4 18. hxg4 Bf6 19. c3 Qb6 20. Nd6 dxc3 21. Nc4 Qc7
22. b3 Rfe8 23. f3 Rad8 24. a4 Bg7 25. Re2 Nd4 26. Ree1 f6 27. Rc1 a6 28. b4 b5
29. axb5 axb5 30. Ra1 bxc4 31. Bc2 Nxc2 32. Ra4 Nxe1 33. Bxe1 Qb6+ 34. Bf2 c2
35. Ra1 Qxb4 36. Be1 Qb2 37. Rd1 cxd1=Q 38. Kf1 Ne3+ 39. Kg1 Qxg2# {SchluppEmma est échec et mat} 0-1

[Event "Tournament 14459 - Europe Echecs"]
[Site "Europe Echecs"]
[Date "2020.07.07"]
[Round "2"]
[Time "14:43:03"]
[PlyCount "71"]
[White "MaisonhauteEle"]
[Black "StrieviLeonie"]
[WhiteElo "1088"]
[BlackElo "1280"]
[Mode "WEB"]
[Result "0-1"]

1. e4 e5 2. Nf3 Nc6 3. Bc4 Nf6 4. d3 Bc5 5. c3 h6 6. O-O d6 7. b4 Bb6 8. a4 a6
9. h3 O-O 10. Nh2 Be6 11. Qf3 d5 12. exd5 Nxd5 13. Bxd5 Bxd5 14. Qg3 Qf6 15. c4
Be6 16. Ng4 Bxg4 17. Qxg4 Bd4 18. Ra2 Nxb4 19. Ra3 Nc2 20. Rb3 Rab8 21. Nc3 Bxc3
22. Rxc3 Nd4 23. f4 Rbe8 24. c5 Qg6 25. Qd7 Ne2+ 26. Kf2 Nxc3 27. Bb2 Rd8 28.
Qxc7 Rxd3 29. Qxe5 Rd2+ 30. Ke1 Re2+ 31. Qxe2 Nxe2 32. Kxe2 Qc2+ 33. Kf3 Qxb2
34. Kg3 Qc3+ 35. Kh2 Re8 {MaisonhauteEle a abandonné} 0-1

[Event "Tournament 14459 - Europe Echecs"]
[Site "Europe Echecs"]
[Date "2020.07.07"]
[Round "2"]
[Time "14:43:03"]
[PlyCount "90"]
[White "RoganovaMaxime"]
[Black "MimouneKenzi"]
[WhiteElo "1082"]
[BlackElo "1266"]
[Mode "WEB"]
[Result "1-0"]

1. e4 e5 2. Nf3 Nc6 3. Bc4 Be7 4. O-O Nf6 5. Nc3 O-O 6. d4 exd4 7. Nxd4 Nxd4 8.
Qxd4 d6 9. Bg5 Be6 10. Bxe6 fxe6 11. Qd2 h6 12. Bh4 Qd7 13. e5 dxe5 14. Qxd7
Nxd7 15. Bxe7 Rfe8 16. Ba3 a6 17. Rad1 Nf6 18. b3 b5 19. Bb2 c5 20. Ne2 e4 21.
Bxf6 gxf6 22. Ng3 f5 23. Rd6 Re7 24. Rfd1 Raa7 25. Ne2 Kf7 26. Nf4 a5 27. g3 a4
28. Rc6 axb3 29. axb3 Rac7 30. Rxc7 Rxc7 31. Rd6 e5 32. Ne2 c4 33. b4 Kg7 34.
Rd5 Re7 35. Rxb5 Kg6 36. Rb6+ Kg5 37. h4+ Kg4 38. Kg2 f4 39. gxf4 exf4 40. Nd4
Rd7 41. Rg6+ Kh5 42. Nc6 f3+ 43. Kg3 Rd1 44. Rf6 Rd2 45. Ne7 {MimouneKenzi a abandonné} 1-0

[Event "Tournament 14459 - Europe Echecs"]
[Site "Europe Echecs"]
[Date "2020.07.07"]
[Round "2"]
[Time "14:43:03"]
[PlyCount "151"]
[White "MenceEline"]
[Black "ThibousMael"]
[WhiteElo "1264"]
[BlackElo "1094"]
[Mode "WEB"]
[Result "0-1"]

1. d4 d5 2. e3 c6 3. Bd3 Nf6 4. f4 e6 5. Nf3 Bd6 6. O-O Nbd7 7. c3 O-O 8. Nbd2
c5 9. Ne5 Bxe5 10. fxe5 c4 11. Bc2 Ne8 12. Qh5 h6 13. Rf3 Qg5 14. Qxg5 hxg5 15.
Rh3 f6 16. exf6 Nexf6 17. Rf3 b6 18. Ba4 a6 19. Bxd7 Bxd7 20. Rf1 Ng4 21. Rxf8+
Rxf8 22. Nf3 Nf6 23. Nxg5 Ba4 24. Bd2 Bd7 25. Rf1 Ne4 26. Nxe4 Rxf1+ 27. Kxf1
dxe4 28. Kf2 Kf7 29. Kg3 Kf6 30. Kh4 g5+ 31. Kg3 e5 32. Kf2 Kf5 33. b3 b5 34.
bxc4 bxc4 35. h3 a5 36. g4+ Kf6 37. Bc1 a4 38. Ba3 Ke6 39. dxe5 Kxe5 40. Be7 Ke6
41. Bxg5 Kf7 42. Kg3 Kg6 43. Kf4 Bc6 44. Bd8 Kf7 45. Kf5 Ke8 46. Bc7 Kf7 47. g5
Bb7 48. h4 Kg7 49. h5 Bc8+ 50. Kxe4 Bg4 51. h6+ Kg6 52. Bd8 Be6 53. Bf6 Bf7 54.
Ke5 Be8 55. Ke6 Bf7+ 56. Kd6 Be8 57. e4 Bf7 58. e5 Kh7 59. e6 Be8 60. e7 Kg8 61.
Kc7 a3 62. Kd8 Bg6 63. e8=Q+ Bxe8 64. Kxe8 Kh7 65. Ke7 Kg6 66. Ke6 Kh7 67. Kf5
Kg8 68. g6 Kf8 69. h7 Ke8 70. h8=Q+ Kd7 71. Qd8+ Kc6 72. Ke6 Kc5 73. Qd6+ Kb5
74. Qc7 Ka6 75. Qb8 Ka5 {MenceEline a perdu au temps} 0-1

[Event "Tournament 14459 - Europe Echecs"]
[Site "Europe Echecs"]
[Date "2020.07.07"]
[Round "2"]
[Time "14:43:03"]
[PlyCount "81"]
[White "RaffinLeon"]
[Black "CharrierShayan"]
[WhiteElo "1080"]
[BlackElo "1260"]
[Mode "WEB"]
[Result "0-1"]

1. e4 c6 2. Bc4 d5 3. exd5 cxd5 4. Bb5+ Bd7 5. Bxd7+ Nxd7 6. f3 e6 7. d3 h6 8.
Bf4 Be7 9. Nc3 Bg5 10. Bd6 Be7 11. Bxe7 Nxe7 12. Nge2 O-O 13. Nf4 Nf5 14. Qd2 e5
15. Nfxd5 Nf6 16. Nxf6+ Qxf6 17. Nb5 e4 18. dxe4 Qxb2 19. Rb1 Qxb1+ 20. Qd1
Qxd1+ 21. Kxd1 Rfd8+ 22. Ke1 Ne3 23. Nc7 Nxc2+ 24. Kf1 Rac8 25. Nd5 Nb4 26. Nxb4
Rd1+ 27. Kf2 Rxh1 28. Nd5 Rc2+ 29. Kg3 Rg1 30. Ne3 Rxa2 31. e5 Re2 32. Kf4 g5+
33. Ke4 Rge1 34. Kd3 Rxe3+ 35. Kd2 Rxe5 36. Kd3 Rd1+ 37. Kc4 b6 38. Kb4 Rc1 39.
Ka4 Rb1 40. Ka3 Ra5# {RaffinLeon est échec et mat} 0-1

[Event "Tournament 14459 - Europe Echecs"]
[Site "Europe Echecs"]
[Date "2020.07.07"]
[Round "2"]
[Time "14:43:03"]
[PlyCount "146"]
[White "BornhofenValen"]
[Black "MindeTimothe"]
[WhiteElo "1258"]
[BlackElo "1075"]
[Mode "WEB"]
[Result "1-0"]

1. e4 e6 2. d3 d5 3. Nd2 Nf6 4. Ngf3 Nc6 5. g3 Bc5 6. Bg2 b6 7. O-O O-O 8. e5
Nd7 9. Re1 Bb7 10. Nf1 Nd4 11. Bf4 Nxf3+ 12. Bxf3 f6 13. d4 Be7 14. exf6 Bxf6
15. Rxe6 Re8 16. Rxe8+ Qxe8 17. c3 c6 18. Qd2 Qg6 19. Re1 Bc8 20. Qe3 Ba6 21.
Qe6+ Qf7 22. Bg4 Nb8 23. Qxf7+ Kxf7 24. Be6+ Kg6 25. Bd2 Bb7 26. f4 Na6 27. g4
h6 28. Ng3 Bh4 29. Kg2 c5 30. f5+ Kf6 31. Bf4 Re8 32. Be5+ Kg5 33. Re3 g6 34.
Nf1 gxf5 35. Bxf5 h5 36. Bf4+ Kxf4 37. Rxe8 hxg4 38. Bc2 cxd4 39. cxd4 Nb4 40.
Bb3 Nc6 41. Bxd5 Na5 42. Bxb7 Nxb7 43. Rf8+ Ke4 44. Rg8 Bf6 45. Rxg4+ Kf5 46. h3
Nd6 47. Ne3+ Ke6 48. h4 Nb5 49. Nc2 Kf5 50. Kf3 Nd6 51. Rf4+ Kg6 52. Ne3 Nb5 53.
Rxf6+ Kxf6 54. d5 Ke5 55. h5 Nc7 56. h6 Kf6 57. Ke4 Kg6 58. Ng4 a5 59. Ke5 Nxd5
60. Kxd5 a4 61. Kc6 a3 62. bxa3 b5 63. Kxb5 Kh7 64. a4 Kg6 65. a5 Kh7 66. a6 Kg6
67. a7 Kh7 68. a8=Q Kg6 69. Qc6+ Kg5 70. h7 Kxg4 71. h8=Q Kf4 72. Qhf6+ Kg4 73.
Qcf3# {MindeTimothe est échec et mat} 1-0

[Event "Tournament 14459 - Europe Echecs"]
[Site "Europe Echecs"]
[Date "2020.07.07"]
[Round "2"]
[Time "14:43:03"]
[PlyCount "71"]
[White "NicaudSebastie"]
[Black "ZadoyanGurgen"]
[WhiteElo "1058"]
[BlackElo "1256"]
[Mode "WEB"]
[Result "0-1"]

1. e4 c5 2. Nf3 d6 3. c3 Nf6 4. d4 Nxe4 5. Bd3 Nf6 6. Bf4 Nc6 7. Nbd2 cxd4 8.
cxd4 Bg4 9. O-O Nxd4 10. Qa4+ Nc6 11. Bb5 Bd7 12. Bd3 g6 13. Qb3 Na5 14. Qa3 Bg7
15. b4 Nc6 16. Qb3 O-O 17. Rfe1 Be6 18. Qc2 Nxb4 19. Qb1 Nxd3 20. Qxd3 Nh5 21.
Bg3 Nxg3 22. fxg3 Bxa1 23. Rxa1 Bf5 24. Qd4 Qb6 25. Ng5 Qxd4+ 26. Kf1 Bd3+ 27.
Ke1 Qxa1+ 28. Kf2 Qxa2 29. Ke3 Bf5 30. Kf4 Qxd2+ 31. Kf3 Qxg5 32. h4 Qg4+ 33.
Kf2 Rac8 34. Kg1 Qxg3 35. Kh1 Rc1# {NicaudSebastie est échec et mat} 0-1

[Event "Tournament 14459 - Europe Echecs"]
[Site "Europe Echecs"]
[Date "2020.07.07"]
[Round "2"]
[Time "14:43:03"]
[PlyCount "144"]
[White "TurcuDavid"]
[Black "BernardInes"]
[WhiteElo "1056"]
[BlackElo "1250"]
[Mode "WEB"]
[Result "1/2-1/2"]

1. e4 e5 2. Nf3 Nc6 3. Bc4 Bc5 4. O-O Nf6 5. d3 O-O 6. Bg5 d6 7. c3 Bg4 8. h3
Bh5 9. Nbd2 h6 10. Bh4 a6 11. b4 Bb6 12. Qb3 Qe7 13. Rfe1 a5 14. b5 a4 15. Qb2
a3 16. Qb3 Na5 17. Qb4 Nxc4 18. Qxc4 Rfe8 19. d4 exd4 20. cxd4 Qe6 21. d5 Qe7
22. Qd3 Ba5 23. Re3 Bxd2 24. Nxd2 Qe5 25. Rae1 Qb2 26. Bxf6 Qxf6 27. Qb1 Qb2 28.
Nc4 Qxb1 29. Rxb1 Bg6 30. Rbe1 f5 31. exf5 Rxe3 32. Rxe3 Bxf5 33. Nxa3 Be4 34.
Rxe4 Rxa3 35. Re2 Rd3 36. Re8+ Kh7 37. Rb8 Rxd5 38. Rxb7 Rc5 39. a4 c6 40. bxc6
Rxc6 41. Rb5 Rc1+ 42. Kh2 Ra1 43. Rd5 Rxa4 44. Rxd6 Ra2 45. f3 Re2 46. Kg3 Re7
47. h4 Rf7 48. Kh3 Rf6 49. Rd4 Kg6 50. f4 h5 51. g4 Kh6 52. gxh5 Kxh5 53. Rd5+
Kh6 54. f5 g6 55. fxg6 Rxg6 56. h5 Ra6 57. Kh4 Ra4+ 58. Kg3 Ra3+ 59. Kf4 Ra4+
60. Ke3 Rh4 61. Rd6+ Kxh5 62. Rd5+ Kh6 63. Rd6+ Kg7 64. Rd7+ Kf6 65. Rd5 Ke6 66.
Ra5 Rh3+ 67. Kf4 Rh2 68. Re5+ Kd6 69. Rg5 Rf2+ 70. Kg4 Rg2+ 71. Kh5 Rxg5+ 72.
Kxg5 {Aucun joueur n'a le mat&eacute;riel pour mater} 1/2-1/2

[Event "Tournament 14459 - Europe Echecs"]
[Site "Europe Echecs"]
[Date "2020.07.07"]
[Round "2"]
[Time "14:43:03"]
[PlyCount "107"]
[White "LefortPierre"]
[Black "LefrancoisJean"]
[WhiteElo "1240"]
[BlackElo "1038"]
[Mode "WEB"]
[Result "0-1"]

1. e4 e5 2. Nf3 Nc6 3. Bb5 Bc5 4. Bxc6 dxc6 5. Nxe5 Qd4 6. Nd3 Qxe4+ 7. Qe2
Qxe2+ 8. Kxe2 Bb6 9. Re1 Nf6 10. Kf1+ Be6 11. Nf4 Kd7 12. Nxe6 fxe6 13. d3 Ng4
14. Be3 Bxe3 15. fxe3 Nxh2+ 16. Kg1 Ng4 17. Nc3 Rhf8 18. e4 Rf6 19. e5 Rf5 20.
d4 Raf8 21. a3 Rf2 22. Rac1 Rd2 23. Ne4 Rxd4 24. Nc5+ Ke7 25. Nxb7 Rd2 26. Red1
Rff2 27. Rxd2 Rxd2 28. Na5 Kd7 29. Nc4 Rd4 30. b3 Re4 31. Rd1+ Ke7 32. Na5 Nxe5
33. c4 Re3 34. Kh2 Re2 35. Rf1 Ra2 36. a4 Re2 37. Kg1 Kd6 38. Rd1+ Kc5 39. Kf1
Re4 40. Kf2 Kb6 41. b4 Nxc4 42. Nxc4+ Rxc4 43. a5+ Kb7 44. Rb1 Rc2+ 45. Kg1 a6
46. Kh2 Rc4 47. Kh3 Kc8 48. g4 Kd7 49. Rd1+ Ke7 50. Rb1 Kf6 51. Kh4 Rc3 52. Rb2
g5+ 53. Kh5 Rh3# {LefortPierre est échec et mat} 0-1

[Event "Tournament 14459 - Europe Echecs"]
[Site "Europe Echecs"]
[Date "2020.07.07"]
[Round "2"]
[Time "14:43:03"]
[PlyCount "37"]
[White "LuuFreundEstel"]
[Black "BatailleSimon"]
[WhiteElo "1046"]
[BlackElo "1230"]
[Mode "WEB"]
[Result "0-1"]

1. e4 c6 2. d4 d5 3. Nc3 dxe4 4. Nxe4 Bf5 5. Ng3 e6 6. Nxf5 exf5 7. Nf3 Nf6 8.
Qe2+ Be7 9. Qd3 Bd6 10. Be2 Qe7 11. Be3 Ne4 12. Ng5 Nxg5 13. Bxg5 Qxg5 14. h3
O-O 15. O-O Re8 16. Rfe1 Qf4 17. Qe3 Qh2+ 18. Kf1 Qh1# {LuuFreundEstel est échec et mat} 0-1

[Event "Tournament 14459 - Europe Echecs"]
[Site "Europe Echecs"]
[Date "2020.07.07"]
[Round "2"]
[Time "14:43:03"]
[PlyCount "62"]
[White "RodriguezAugus"]
[Black "YakoubenBadis"]
[WhiteElo "1229"]
[BlackElo "1036"]
[Mode "WEB"]
[Result "1-0"]

1. e4 e5 2. Nf3 Nc6 3. d4 exd4 4. Nxd4 Nxd4 5. Qxd4 Nf6 6. e5 Ng8 7. Nc3 d6 8.
exd6 Qxd6 9. Be3 Nf6 10. O-O-O Qxd4 11. Bxd4 Be7 12. Bxf6 Bxf6 13. Nd5 Be6 14.
Nxc7+ Ke7 15. Nxa8 Rxa8 16. Kb1 Bg4 17. f3 Bh5 18. Bc4 g5 19. Rhe1+ Kf8 20. Bd3
g4 21. fxg4 Bxg4 22. Be2 Bxe2 23. Rxe2 Kg7 24. Rd7 Rb8 25. c3 a6 26. Kc2 b5 27.
Ra7 Rb6 28. Re4 Bg5 29. Rg4 h6 30. h4 h5 31. Rxg5+ {YakoubenBadis a abandonné} 1-0

[Event "Tournament 14459 - Europe Echecs"]
[Site "Europe Echecs"]
[Date "2020.07.07"]
[Round "2"]
[Time "14:43:03"]
[PlyCount "97"]
[White "BriandEdouard"]
[Black "AnseeuwEmma"]
[WhiteElo "1038"]
[BlackElo "1228"]
[Mode "WEB"]
[Result "0-1"]

1. e4 e5 2. Nf3 Nc6 3. Bc4 Nf6 4. Ng5 d5 5. exd5 Na5 6. Bb5+ c6 7. dxc6 Nxc6 8.
O-O Nd7 9. Re1 Qxg5 10. Bxc6 bxc6 11. d4 Qf6 12. dxe5 Nxe5 13. b3 Bc5 14. Qf3
Qxf3 15. gxf3 Bd6 16. Bf4 f6 17. Bg3 O-O 18. f4 Nf3+ 19. Kf1 Nxe1 20. Kxe1 Bb4+
21. Kf1 Bc5 22. Nc3 Bd4 23. Rd1 Bxc3 24. Rd3 Ba6 25. Ke2 Bxd3+ 26. Kxd3 Ba5 27.
Ke3 Rfe8+ 28. Kf3 Rad8 29. Kg2 Rd2 30. Kh3 Rxc2 31. Kg4 Rxa2 32. b4 Bxb4 33. Kh4
g5+ 34. fxg5 fxg5+ 35. Kxg5 Be7+ 36. Kf4 Ra4+ 37. Kf3 Ra3+ 38. Kg2 Rd8 39. h3
Bd6 40. Bxd6 Rxd6 41. Kf1 Rg6 42. Ke2 c5 43. Kd2 Rg2 44. Kc2 c4 45. Kb2 Rb3+ 46.
Kc2 Rxf2+ 47. Kc1 Rxh3 48. Kb1 Rh1# {BriandEdouard est échec et mat} 0-1

[Event "Tournament 14459 - Europe Echecs"]
[Site "Europe Echecs"]
[Date "2020.07.07"]
[Round "2"]
[Time "14:43:03"]
[PlyCount "59"]
[White "StevensCharles"]
[Black "TavaresRibeiro"]
[WhiteElo "1000"]
[BlackElo "1225"]
[Mode "WEB"]
[Result "0-1"]

1. d4 Nf6 2. Nf3 g6 3. Nc3 Bg7 4. Bf4 O-O 5. e4 d6 6. Bc4 Nbd7 7. O-O c5 8. Bg5
cxd4 9. Nxd4 Qc7 10. Bd5 Qc5 11. Bxf6 Nxf6 12. Nb3 Qc7 13. Nd4 Bg4 14. Qd2 Rac8
15. f3 Bd7 16. Ndb5 Bxb5 17. Nxb5 Qc5+ 18. Kh1 Qxb5 19. Rfd1 Nxd5 20. exd5 b6
21. Qd3 Qxd3 22. Rxd3 Bxb2 23. Rb1 Rxc2 24. Re3 Re8 25. f4 e6 26. dxe6 Rxe6 27.
Rb3 Ree2 28. g3 Bd4 29. Rd3 Rxh2# {StevensCharles est échec et mat} 0-1

[Event "Tournament 14459 - Europe Echecs"]
[Site "Europe Echecs"]
[Date "2020.07.07"]
[Round "2"]
[Time "14:43:03"]
[PlyCount "67"]
[White "CarobbioAntoin"]
[Black "DetrazLorna"]
[WhiteElo "1220"]
[BlackElo "1032"]
[Mode "WEB"]
[Result "0-1"]

1. d4 d5 2. Nc3 e6 3. Nf3 c5 4. dxc5 Bxc5 5. Bf4 Nc6 6. Nb5 Qa5+ 7. Nc3 d4 8. e3
dxc3 9. bxc3 Qxc3+ 10. Nd2 Nf6 11. Bb5 O-O 12. Bxc6 bxc6 13. O-O Ba6 14. Re1
Rfd8 15. Qf3 Qxd2 16. Qxc6 Qa5 17. Red1 Qb6 18. Rxd8+ Rxd8 19. Qxb6 Bxb6 20. h3
h6 21. g4 g5 22. Be5 Ne4 23. Rb1 Rd2 24. Rf1 Bxf1 25. Kxf1 Rxf2+ 26. Kg1 Bxe3
27. Kh1 Rxc2 28. a4 f5 29. gxf5 exf5 30. Bc7 f4 31. a5 f3 32. Bb8 a6 33. Bg3
Nxg3# {CarobbioAntoin est échec et mat} 0-1

[Event "Tournament 14459 - Europe Echecs"]
[Site "Europe Echecs"]
[Date "2020.07.07"]
[Round "2"]
[Time "14:43:03"]
[PlyCount "107"]
[White "DeMartinoDanie"]
[Black "DresensClement"]
[WhiteElo "870"]
[BlackElo "1220"]
[Mode "WEB"]
[Result "0-1"]

1. e4 e5 2. Nf3 Nf6 3. Nxe5 Qe7 4. Nf3 Nxe4 5. Qe2 d5 6. d3 Nf6 7. Nc3 Nc6 8.
Bg5 Qxe2+ 9. Bxe2 Be7 10. Bxf6 Bxf6 11. Nxd5 Bxb2 12. Nxc7+ Kd7 13. Nxa8 Bxa1
14. Ng5 Ke7 15. O-O Bf5 16. Nc7 h6 17. Rxa1 hxg5 18. Re1 Rc8 19. Bg4+ Kf6 20.
Nd5+ Kg6 21. Bxf5+ Kxf5 22. Re7 Rd8 23. Ne3+ Kf4 24. Rxf7+ Ke5 25. Rxg7 Kf6 26.
Rxb7 Rd4 27. h3 Ra4 28. Ng4+ Kf5 29. Rc7 Nd4 30. Rf7+ Ke6 31. Rf6+ Ke7 32. c3
Ne6 33. g3 Rxa2 34. h4 gxh4 35. gxh4 Ra4 36. Rg6 Nf4 37. Rg8 Kf7 38. Rg5 Nh3+
39. Kg2 Nxg5 40. hxg5 Rxg4+ 41. Kh3 Rxg5 42. d4 a5 43. c4 Rg8 44. d5 Ke7 45. c5
a4 46. d6+ Kd7 47. f4 a3 48. f5 a2 49. f6 a1=Q 50. Kh2 Qxf6 51. c6+ Kxc6 52. d7
Kxd7 53. Kh3 Qh6# {DeMartinoDanie est échec et mat} 0-1

[Event "Tournament 14459 - Europe Echecs"]
[Site "Europe Echecs"]
[Date "2020.07.07"]
[Round "2"]
[Time "14:43:03"]
[PlyCount "137"]
[White "ToChu"]
[Black "LamorelleAlexe"]
[WhiteElo "1210"]
[BlackElo "1009"]
[Mode "WEB"]
[Result "0-1"]

1. e4 e5 2. Nf3 Nc6 3. Bb5 Nf6 4. Bxc6 dxc6 5. Nxe5 Nxe4 6. Qe2 Qd5 7. f3 Qxe5
8. Qxe4 Qxe4+ 9. fxe4 Bc5 10. Nc3 Be6 11. d3 Rd8 12. Bf4 Bd6 13. Bxd6 Rxd6 14.
O-O Ke7 15. a3 g6 16. e5 Rd7 17. b4 b6 18. Rad1 a5 19. bxa5 bxa5 20. d4 Bf5 21.
Rd2 c5 22. Rfd1 cxd4 23. Rxd4 Rxd4 24. Rxd4 Bxc2 25. Rd2 Bf5 26. Nb5 c6 27. Nd4
Rd8 28. Nxf5+ gxf5 29. Rc2 Rc8 30. Rc5 a4 31. Ra5 c5 32. Rxa4 c4 33. Rb4 c3 34.
Rb1 c2 35. Rc1 Ke6 36. Kf2 Kxe5 37. Ke2 Kf4 38. g3+ Kg4 39. Kd2 Kh3 40. Rxc2
Rxc2+ 41. Kxc2 Kxh2 42. a4 Kxg3 43. a5 f4 44. a6 f3 45. Kd2 f2 46. a7 f1=Q 47.
a8=Q Qf2+ 48. Kc3 Qf3+ 49. Qxf3+ Kxf3 50. Kd4 h5 51. Ke5 h4 52. Kf6 h3 53. Kxf7
h2 54. Kg6 h1=Q 55. Kg5 Qe1 56. Kf5 Ke3 57. Ke5 Qd2 58. Kf5 Qd5+ 59. Kf6 Qe4 60.
Kf7 Kd4 61. Kf6 Kd5 62. Kf7 Kd6 63. Kf6 Qf4+ 64. Kg6 Ke6 65. Kg7 Ke7 66. Kg6
Qg4+ 67. Kh7 Kf6 68. Kh8 Qg7# {ToChu est échec et mat} 0-1